| 000 | 00680 a2200205 4500 | ||
|---|---|---|---|
| 001 | 133622 | ||
| 020 | _a85-02-00798-X | ||
| 040 | _cLeonardo Da Vinci | ||
| 041 | _aPortuguês | ||
| 082 |
_a133.92 B782q _bB782q |
||
| 100 | _aBOWERS, Barbara | ||
| 245 |
_aQual é a cor de sua aura? _bdescubra suas potencialidades materiais, emocionais, físicas e espirituais |
||
| 250 | _a4.ed | ||
| 260 |
_bSaraiva _c1991 _aSão Paulo |
||
| 300 | _a250 | ||
| 362 | _a19910000 | ||
| 500 | _aDinah de Abreu Azevedo (Tradução) | ||
| 697 |
_aAspecto psíquico _aAutoconhecimento _aAura _aAspecto psicológico _aFenômenos mentais _aCiências ocultas _aInfluências psicológica |
||
| 942 | _cBK | ||
| 999 |
_c133622 _d133622 |
||